00564nam a22002057a 450000500170000001000130001702000230003003500130005303700160006604000120008208200170009410000130011124500600012426000420018427000500022630000200027665000200029665000220031670000200033820170124110215.0 aA-710566 c295.00a0195626389 aA-710566 bCen Lib/Ret aDPLbEN a301.153bDYA aPyarelal aIn Gandhi's Mirror /cby Pyarelal [and] Sushila Nayar  aDelhibOxford university press c1991 bDelhiaYMCA building, Jai singh road e110001 a305p.c23cm(Hb) aSocial science  aPolitical reader  aNayar, Sushila